Normal view MARC view

Entry Personal Name

Number of records used in: 2

001 - CONTROL NUMBER

  • control field: 30960

003 - CONTROL NUMBER IDENTIFIER

  • control field: dpl

005 - DATE AND TIME OF LATEST TRANSACTION

  • control field: 20110803104303.0

008 - FIXED-LENGTH DATA ELEMENTS

  • fixed length control field: 110803|||a|||||| | ||| d

040 ## - CATALOGING SOURCE

  • Original cataloging agency: dpl
  • Transcribing agency: dpl

100 ## - HEADING--PERSONAL NAME

  • Personal name: ओहरी, हरमिन्दर

670 ## - SOURCE DATA FOUND

  • Source citation: Work cat.: (dpl)54535: ओहरी, हरमिन्दर , एक बड़ी मुसीबत /, 2010

670 ## - SOURCE DATA FOUND

  • Source citation: Work cat.: (dpl)54535: ओहरी, हरमिन्दर , एक बड़ी मुसीबत /, 2010

© Delhi Public Library
Hit Counter
free hit counter